<?xml version="1.0" encoding="UTF-8"?>
<record
    xmlns:xsi="http://www.w3.org/2001/XMLSchema-instance"
    xsi:schemaLocation="http://www.loc.gov/MARC21/slim http://www.loc.gov/standards/marcxml/schema/MARC21slim.xsd"
    xmlns="http://www.loc.gov/MARC21/slim">

  <leader>02385nam a2200337 i 4500</leader>
  <controlfield tag="001">000046577</controlfield>
  <controlfield tag="003">DO-SdBNP</controlfield>
  <controlfield tag="005">20260417174403.0</controlfield>
  <controlfield tag="007">ta</controlfield>
  <controlfield tag="008">150827s1996    dr a    r     000 0 spa d</controlfield>
  <datafield tag="020" ind1=" " ind2=" ">
    <subfield code="a">8460554910</subfield>
  </datafield>
  <datafield tag="040" ind1=" " ind2=" ">
    <subfield code="a">DO-SdBNP</subfield>
    <subfield code="b">spa</subfield>
    <subfield code="c">BNPHU</subfield>
    <subfield code="e">rda</subfield>
  </datafield>
  <datafield tag="041" ind1=" " ind2=" ">
    <subfield code="a">spa</subfield>
  </datafield>
  <datafield tag="082" ind1=" " ind2=" ">
    <subfield code="a">327.7293</subfield>
    <subfield code="b">M828d</subfield>
    <subfield code="2">22</subfield>
  </datafield>
  <datafield tag="100" ind1="1" ind2=" ">
    <subfield code="a">Morales Lama, Manuel</subfield>
    <subfield code="e">autor</subfield>
    <subfield code="9">2998</subfield>
  </datafield>
  <datafield tag="245" ind1="1" ind2="0">
    <subfield code="a">Diplomacia contempor&#xE1;nea :</subfield>
    <subfield code="b">teor&#xED;a y pr&#xE1;ctica /</subfield>
    <subfield code="c">Manuel Morales Lama : pr&#xF3;logo Benjam&#xED;n Ruiz Sobero.</subfield>
  </datafield>
  <datafield tag="264" ind1=" " ind2=" ">
    <subfield code="a">Santo Domingo :</subfield>
    <subfield code="b">Fundaci&#xF3;n Antonio M. Lama,</subfield>
    <subfield code="c">1996.</subfield>
  </datafield>
  <datafield tag="300" ind1=" " ind2=" ">
    <subfield code="a">509 p&#xE1;ginas :</subfield>
    <subfield code="b">il.ustraciones ;</subfield>
    <subfield code="c">23 cm.</subfield>
  </datafield>
  <datafield tag="336" ind1=" " ind2=" ">
    <subfield code="a">rdacontent</subfield>
    <subfield code="b">texto</subfield>
    <subfield code="2">txt</subfield>
  </datafield>
  <datafield tag="337" ind1=" " ind2=" ">
    <subfield code="a">rdamedia</subfield>
    <subfield code="b">sin mediaci&#xF3;n</subfield>
    <subfield code="2">n</subfield>
  </datafield>
  <datafield tag="338" ind1=" " ind2=" ">
    <subfield code="a">rdacarrier</subfield>
    <subfield code="b">volumen</subfield>
    <subfield code="2">nc</subfield>
  </datafield>
  <datafield tag="505" ind1=" " ind2=" ">
    <subfield code="a">Conceptos b&#xE1;sicos 7 -- Or&#xED;genes y evoluci&#xF3;n de la diplomacia 33 -- Ejecutores centrales de la pol&#xED;tica exterior de los Estados 45 -- El servicio exterior 61 -- La misi&#xF3;n diplom&#xE1;tica permanente 95 -- La funci&#xF3;n diplom&#xE1;tica 101 -- La concertaci&#xF3;n de tratados 157 -- Estil&#xED;stica diplom&#xE1;tica 177 -- Ceremonial y protocolo 195 -- Status del diplom&#xE1;tico dominicano 241 -- Glosario de locuciones y t&#xE9;rmino latinos y franceses 263 -- Normas protocolares y de etiqueta social 285 -- Delaci&#xF3;n de las condecoraciones en los diversos pa&#xED;ses del mundo 311 -- Aspecto pr&#xE1;cticos de la correspondencia diplom&#xE1;tica 327 -- Planos sobre el uso de la bandera 357 -- Planos de aplicaci&#xF3;n de la precedencia 363 -- Relaci&#xF3;n de las disposiciones legales b&#xE1;sicas para el ejercicio consular dominicano 385 -- Convenci&#xF3;n de Viena sobre relaciones diplom&#xE1;ticas 393 -- Convenci&#xF3;n de Viena sobre relaciones consulares 413 -- Carta de derechos y deberes econ&#xF3;micos de los Estados 451 -- Ley Org&#xE1;nica de la Secretar&#xED;a de Estado de Relaciones Exteriores 465 -- Ley no. 113 que modifica el art&#xED;culo 3 de la Ley Org&#xE1;nica de la Secretar&#xED;a de Estado de Relaciones Exteriores 479 -- Ley sobre funciones p&#xFA;blicas de los c&#xF3;nsules dominicanos 481</subfield>
  </datafield>
  <datafield tag="590" ind1=" " ind2=" ">
    <subfield code="a">Inventariado, 2019/MFF</subfield>
  </datafield>
  <datafield tag="650" ind1=" " ind2="0">
    <subfield code="a">Diplomacia</subfield>
    <subfield code="9">398</subfield>
  </datafield>
  <datafield tag="650" ind1=" " ind2="0">
    <subfield code="a">Documentos diplom&#xE1;ticos</subfield>
    <subfield code="9">2999</subfield>
  </datafield>
  <datafield tag="651" ind1=" " ind2="4">
    <subfield code="a">Rep&#xFA;blica Dominicana</subfield>
    <subfield code="x">Servicio Diplomatico Y Consular</subfield>
    <subfield code="9">3000</subfield>
  </datafield>
  <datafield tag="651" ind1=" " ind2="4">
    <subfield code="a">Rep&#xFA;blica Dominicana</subfield>
    <subfield code="x">Relaciones Exteriores</subfield>
    <subfield code="9">2258</subfield>
  </datafield>
  <datafield tag="700" ind1="1" ind2="2">
    <subfield code="a">Ruiz Sobero, Benjam&#xED;n</subfield>
    <subfield code="e">prologo</subfield>
    <subfield code="9">17212</subfield>
  </datafield>
  <datafield tag="910" ind1=" " ind2=" ">
    <subfield code="a">Validado. Control de calidad MFF</subfield>
  </datafield>
  <datafield tag="942" ind1=" " ind2=" ">
    <subfield code="2">ddc</subfield>
    <subfield code="c">LBS1</subfield>
  </datafield>
  <datafield tag="952" ind1=" " ind2=" ">
    <subfield code="0">0</subfield>
    <subfield code="1">0</subfield>
    <subfield code="2">ddc</subfield>
    <subfield code="5">1</subfield>
    <subfield code="7">0</subfield>
    <subfield code="8">PD</subfield>
    <subfield code="a">BNPHU</subfield>
    <subfield code="b">BNPHU</subfield>
    <subfield code="c">HD</subfield>
    <subfield code="d">2015-08-27</subfield>
    <subfield code="l">0</subfield>
    <subfield code="o">BNPHU PD 327.7293 M828d</subfield>
    <subfield code="p">46577-10</subfield>
    <subfield code="r">2020-06-25</subfield>
    <subfield code="w">2020-06-25</subfield>
    <subfield code="y">LBS1</subfield>
    <subfield code="z">Perteneci&#xF3; a la biblioteca personal de Chiqui Vicioso / Fidelio Despradel.</subfield>
    <subfield code="Z">No se presta</subfield>
  </datafield>
  <datafield tag="952" ind1=" " ind2=" ">
    <subfield code="0">0</subfield>
    <subfield code="1">0</subfield>
    <subfield code="2">ddc</subfield>
    <subfield code="5">1</subfield>
    <subfield code="7">0</subfield>
    <subfield code="8">PD</subfield>
    <subfield code="a">BNPHU</subfield>
    <subfield code="b">BNPHU</subfield>
    <subfield code="c">HD</subfield>
    <subfield code="d">2026-03-16</subfield>
    <subfield code="e">Donaci&#xF3;n</subfield>
    <subfield code="l">0</subfield>
    <subfield code="o">BNPHU PD 327.7293 M828d</subfield>
    <subfield code="p">2026-2205</subfield>
    <subfield code="r">2026-03-16</subfield>
    <subfield code="t">e.2</subfield>
    <subfield code="w">2026-03-16</subfield>
    <subfield code="y">LBS1</subfield>
    <subfield code="z">Intec</subfield>
  </datafield>
  <datafield tag="999" ind1=" " ind2=" ">
    <subfield code="c">46066</subfield>
    <subfield code="d">46066</subfield>
  </datafield>
</record>
